Excellence in the Teaching of Business and entrepreneurships Development: A Festscrift for Prof Grace Nzelibe (Record no. 4571)

MARC details
000 -LEADER
fixed length control field 00599nam a22001697a 4500
008 - FIXED-LENGTH DATA ELEMENTS--GENERAL INFORMATION
fixed length control field 260303b |||||||| |||| 00| 0 eng d
020 ## - INTERNATIONAL STANDARD BOOK NUMBER
ISBN 978978560802
100 ## - MAIN ENTRY--AUTHOR
Author Robert Moruku
245 ## - TITLE STATEMENT
Title Excellence in the Teaching of Business and entrepreneurships Development: A Festscrift for Prof Grace Nzelibe
260 ## - PUBLICATION, DISTRIBUTION, ETC. (IMPRINT)
Place of publication Abuja
Name of publisher Chartered Graphic Press
Date of publication 2022
300 ## - COLLATION
Pagination xxix, 638p.
Other physical details illus
650 ## - TRACINGS
Main Subject Entrepreneurship study and Teaching
Subdivision (1st) Business Entrepreneureship
700 ## - ADDITIONAL AUTHOR
Additional Author 2. Hauwa, Imam 3. Roseline Echezona et al.
942 ## - ADDED ENTRY ELEMENTS (KOHA)
Item type Books
050 ## - LIBRARY OF CONGRESS CALL NUMBER
Classification number HD77.5.N6
Item number .E93
Holdings
Source of classification or shelving scheme Not for loan Permanent location Current location Date acquired Accession No. Full call number Barcode. Copy number Koha item type
Library of Congress Classification   Samuel Ogbemudia Main Library, University of Abuja Samuel Ogbemudia Main Library, University of Abuja 03/03/2026 2025/68806 HD77.5.N6 .E93 2026-0059 1 Books